| 000 | 00890nam a2200265 i 4500 | ||
|---|---|---|---|
| 001 | 169782 | ||
| 003 | ES-MaACL | ||
| 005 | 20250616063044.0 | ||
| 008 | 081126s1994 sp |||| | spa d | ||
| 017 | _aM 32.720-1994 | ||
| 020 | _a84-206-4651-2 | ||
| 080 | _a75 Velázquez, Diego | ||
| 080 | _a929 Velázquez, Diego | ||
| 100 | 1 |
_aGállego, Julián, _d1919-2006 _953537 |
|
| 245 | 1 | 0 |
_aVelázquez / _cJulián Gállego. |
| 260 |
_aMadrid : _bAlianza Editorial, _c1994. |
||
| 300 |
_a62, [2] p., VIII p. de lám. col. ; _c15 cm. |
||
| 490 | 1 |
_aAlianza cien ; _v51 |
|
| 500 | _aEn antep.: Textos completos. | ||
| 600 | 1 | 4 |
_aVelázquez, Diego, _d1599-1660 _9113793 |
| 700 | 1 |
_aVelázquez, Diego, _d1599-1660 _9113793 |
|
| 830 | 0 |
_aAlianza cien ; _v51 _9188880 |
|
| 852 | 4 |
_aES-MaACL _jE-12306 _9R.190462 _z- Biblioteca Jacinto Martínez Lacalle |
|
| 999 |
_c169782 _d169782 |
||